[Event "Oberliga Nord N 2122"]
[Site "Germany"]
[Date "2022.04.03"]
[Round "8.3"]
[White "Reinecker, Kai"]
[Black "Pajeken, Jakob Leon"]
[Result "0-1"]
[WhiteElo "2271"]
[BlackElo "2382"]
[PlyCount "90"]
[EventDate "2021.10.31"]
[EventType "team-tourn"]
[EventRounds "9"]
[EventCountry "GER"]
[SourceTitle "EXT 2023"]
[Source "ChessBase"]
[SourceDate "2022.10.05"]
[SourceVersion "1"]
[SourceVersionDate "2022.10.05"]
[SourceQuality "1"]
[WhiteTeam "Preetz"]
[BlackTeam "Kiel Turm II"]
[WhiteTeamCountry "GER"]
[BlackTeamCountry "GER"]

1. e4 c5 2. c3 d5 3. exd5 Qxd5 4. d4 Nf6 5. Nf3 e6 6. Na3 Qd8 7. Nc2 Nc6 8. Bg5 h6 9. Bh4 Be7 10. dxc5 Bxc5 11. Qxd8+ Kxd8 12. Bb5 g5 13. Bg3 Ne4 14. 0-0-0+ Ke7 15. Bxc6 bxc6 16. Ne5 Nxg3 17. fxg3 Kf6 18. Nxc6 Ba6 19. N2b4 Bb5 20. Nd4 Bc4 21. Nbc2 Rac8 22. b3 Bxd4 23. Nxd4 Bd5 24. Rhf1+ Kg6 25. c4 Bxg2 26. Rf2 Bh3 27. Nf3 f6 28. Rd7 Rh7 29. Rxh7 Kxh7 30. Ng1 Bf5 31. g4 Bxg4 32. Rxf6 Rd8 33. Rf1 Kg6 34. Nf3 Bxf3 35. Rxf3 g4 36. Rf2 h5 37. c5 h4 38. b4 Kg5 39. Rf7 g3 40. hxg3 hxg3 41. Rg7+ Kf4 42. c6 Kf3 43. b5 g2 44. a4 Rd4 45. Kb2 Rxa4 0-1

[Event "Oberliga Nord N 2122"]
[Site "Germany"]
[Date "2021.10.31"]
[Round "1.2"]
[White "Reinecker, Kai"]
[Black "Wessman, Richard"]
[Result "1/2-1/2"]
[WhiteElo "2271"]
[BlackElo "2419"]
[PlyCount "43"]
[EventDate "2021.10.31"]
[EventType "team-tourn"]
[EventRounds "9"]
[EventCountry "GER"]
[SourceTitle "EXT 2023"]
[Source "ChessBase"]
[SourceDate "2022.10.05"]
[SourceVersion "1"]
[SourceVersionDate "2022.10.05"]
[SourceQuality "1"]
[WhiteTeam "Preetz"]
[BlackTeam "Johanneum Eppendorf"]
[WhiteTeamCountry "GER"]
[BlackTeamCountry "GER"]

1. e4 e6 2. d4 d5 3. Nd2 dxe4 4. Nxe4 Bd7 5. Nf3 Bc6 6. Bd3 Bxe4 7. Bxe4 c6 8. 0-0 Nf6 9. Bd3 Bd6 10. Qe2 0-0 11. Bg5 Nbd7 12. Ne5 Qc7 13. Nxd7 Nxd7 14. Qh5 g6 15. Qh4 Rfe8 16. Rfe1 Bf8 17. Re3 Bg7 18. Rh3 Nf8 19. c3 a6 20. Re1 Rac8 21. Rhe3 Qd6 22. Bc2 1/2-1/2

[Event "Oberliga Nord N 1819"]
[Site "Germany"]
[Date "2019.03.24"]
[Round "8.5"]
[White "Reinecker, Kai"]
[Black "Von Gleich, Alexander"]
[Result "1/2-1/2"]
[WhiteElo "2255"]
[BlackElo "2334"]
[PlyCount "81"]
[EventDate "2018.10.21"]
[EventType "team-tourn"]
[EventRounds "9"]
[EventCountry "GER"]
[SourceTitle "EXT 2020"]
[Source "ChessBase"]
[SourceDate "2019.10.17"]
[SourceVersion "1"]
[SourceVersionDate "2019.10.17"]
[SourceQuality "1"]
[WhiteTeam "Preetz"]
[BlackTeam "Johanneum Eppendorf"]
[WhiteTeamCountry "GER"]
[BlackTeamCountry "GER"]

1. e4 c5 2. c3 d5 3. exd5 Qxd5 4. d4 Nf6 5. Nf3 e6 6. Be2 cxd4 7. cxd4 Be7 8. Nc3 Qd6 9. 0-0 0-0 10. Qb3 Nc6 11. a3 b6 12. Nb5 Qd8 13. Bf4 Nd5 14. Bg3 Bb7 15. Rac1 a6 16. Nc3 Na5 17. Qd1 Rc8 18. Nxd5 Qxd5 19. Bc7 Bd6 20. Bxb6 Bxh2+ 21. Kxh2 Qd6+ 22. Kg1 Qxb6 23. b4 Rxc1 24. Qxc1 Nb3 25. Qe3 Bxf3 26. Bxf3 Nxd4 27. Rd1 Rd8 28. g3 e5 29. Kg2 Qd6 30. Rc1 f5 31. Rc5 e4 32. Bd1 h6 33. Bb3+ Kh7 34. Rd5 Qf6 35. Rxd8 Qxd8 36. Bc4 Nf3 37. Bxa6 Qd1 38. Bf1 Ne1+ 39. Kg1 Nf3+ 40. Kg2 Ne1+ 41. Kg1 1/2-1/2

[Event "Oberliga Nord N 1819"]
[Site "Germany"]
[Date "2019.02.24"]
[Round "7.3"]
[White "Schulenburg, Torben"]
[Black "Reinecker, Kai"]
[Result "0-1"]
[WhiteElo "2150"]
[BlackElo "2255"]
[PlyCount "92"]
[EventDate "2018.10.21"]
[EventType "team-tourn"]
[EventRounds "9"]
[EventCountry "GER"]
[SourceTitle "EXT 2020"]
[Source "ChessBase"]
[SourceDate "2019.10.17"]
[SourceVersion "1"]
[SourceVersionDate "2019.10.17"]
[SourceQuality "1"]
[WhiteTeam "Hamburg Diogenes"]
[BlackTeam "Preetz"]
[WhiteTeamCountry "GER"]
[BlackTeamCountry "GER"]

1. d4 Nf6 2. c4 e6 3. Nc3 d5 4. cxd5 exd5 5. Bg5 c6 6. Qc2 Be7 7. e3 h6 8. Bxf6 Bxf6 9. Bd3 0-0 10. Nge2 b6 11. 0-0 Bb7 12. b4 Nd7 13. Rfd1 Qe7 14. b5 c5 15. Bf5 g6 16. Bh3 cxd4 17. exd4 Rfc8 18. Rd3 Rc4 19. Qd2 Bg5 20. f4 Bf6 21. Nd1 Nc5 22. Rf3 Ne4 23. Qd3 Qb4 24. Rb1 Qe1+ 25. Rf1 Qd2 26. Rb3 Bxd4+ 27. Kh1 Bc5 28. f5 g5 29. f6 Rc2 30. Ng3 d4 31. Nxe4 Qxd3 32. Rxd3 Bxe4 33. Rg3 Rxa2 34. Nf2 Bg6 35. Ng4 h5 36. Ne5 g4 37. Bxg4 hxg4 38. Rxg4 a6 39. bxa6 R2xa6 40. Nxg6 fxg6 41. Rxg6+ Kf7 42. Rg7+ Ke6 43. Re1+ Kd5 44. g4 Ra1 45. Rxa1 Rxa1+ 46. Kg2 Ke6 0-1

[Event "Oberliga Nord N 1819"]
[Site "Germany"]
[Date "2019.02.03"]
[Round "6.4"]
[White "Perez de Miguel, Alvaro"]
[Black "Reinecker, Kai"]
[Result "0-1"]
[WhiteElo "2292"]
[BlackElo "2255"]
[PlyCount "56"]
[EventDate "2018.10.21"]
[EventType "team-tourn"]
[EventRounds "9"]
[EventCountry "GER"]
[SourceTitle "EXT 2020"]
[Source "ChessBase"]
[SourceDate "2019.10.17"]
[SourceVersion "1"]
[SourceVersionDate "2019.10.17"]
[SourceQuality "1"]
[WhiteTeam "St Pauli II"]
[BlackTeam "Preetz"]
[WhiteTeamCountry "GER"]
[BlackTeamCountry "GER"]

1. d4 Nf6 2. Nf3 e6 3. c4 b6 4. g3 Bb7 5. Bg2 Be7 6. 0-0 0-0 7. d5 exd5 8. Nh4 c6 9. cxd5 Nxd5 10. Nf5 Nf6 11. e4 d5 12. e5 Ne8 13. Nc3 Nd7 14. Re1 Nc5 15. b4 Ne6 16. b5 N8c7 17. Qg4 Kh8 18. Be3 Nxb5 19. Nxb5 cxb5 20. Rad1 g6 21. Nh6 Qd7 22. Bh3 Kg7 23. Nf5+ Kh8 24. Nh6 Kg7 25. f4 d4 26. Bxd4 Kxh6 27. f5 Nxd4 28. Rxd4 Qxd4+ 0-1

[Event "Oberliga Nord N 1819"]
[Site "Germany"]
[Date "2019.01.20"]
[Round "5.3"]
[White "Neffe, Axel"]
[Black "Reinecker, Kai"]
[Result "1/2-1/2"]
[WhiteElo "2236"]
[BlackElo "2255"]
[PlyCount "30"]
[EventDate "2018.10.21"]
[EventType "team-tourn"]
[EventRounds "9"]
[EventCountry "GER"]
[SourceTitle "EXT 2020"]
[Source "ChessBase"]
[SourceDate "2019.10.17"]
[SourceVersion "1"]
[SourceVersionDate "2019.10.17"]
[SourceQuality "1"]
[WhiteTeam "Hamburg Schachfreunde"]
[BlackTeam "Preetz"]
[WhiteTeamCountry "GER"]
[BlackTeamCountry "GER"]

1. d4 Nf6 2. c4 e6 3. Nf3 d5 4. Nc3 Be7 5. Bg5 0-0 6. e3 h6 7. Bh4 b6 8. Be2 Bb7 9. 0-0 Nbd7 10. Rc1 c5 11. dxc5 Nxc5 12. Bxf6 Bxf6 13. cxd5 Bxc3 14. Rxc3 Bxd5 15. Nd2 a5 1/2-1/2

[Event "DEN-chT 1718 56th"]
[Site "Denmark"]
[Date "2018.03.11"]
[Round "9.4"]
[White "Jaksland, Tim"]
[Black "Reinecker, Kai"]
[Result "1/2-1/2"]
[WhiteElo "2168"]
[BlackElo "2254"]
[PlyCount "124"]
[EventDate "2017.11.18"]
[EventType "team-tourn"]
[EventRounds "9"]
[EventCountry "DEN"]
[SourceTitle "EXT 2019"]
[Source "ChessBase"]
[SourceDate "2018.10.10"]
[SourceVersion "1"]
[SourceVersionDate "2018.10.10"]
[SourceQuality "1"]
[WhiteTeam "Hillerod"]
[BlackTeam "BOV"]
[WhiteTeamCountry "DEN"]
[BlackTeamCountry "DEN"]

1. Nf3 Nf6 2. c4 e6 3. g3 d5 4. Bg2 Be7 5. 0-0 0-0 6. b3 c5 7. Bb2 Nc6 8. e3 b6 9. Nc3 Bb7 10. cxd5 exd5 11. d4 Re8 12. Re1 Qd7 13. Ne5 Qe6 14. Nb5 Rec8 15. Nd3 a6 16. Nf4 Qd7 17. Nc3 cxd4 18. Ncxd5 Nxd5 19. Nxd5 Bd8 20. exd4 Ne7 21. Rxe7 Bxe7 22. Nxb6 Qb5 23. Bxb7 Qxb6 24. Bxa8 Rxa8 25. Qe2 Bf6 26. d5 Rd8 27. Bxf6 Qxf6 28. Rd1 g6 29. Qc4 h5 30. h4 Rd6 31. Qd4 Qd8 32. Kg2 Qd7 33. Rd2 Qf5 34. Qc4 g5 35. hxg5 Qxg5 36. Rd3 Qf5 37. Rd2 Qg5 38. Qd4 Qf5 39. b4 Qg5 40. a4 h4 41. Qf4 Rxd5 42. Qxg5+ Rxg5 43. Rb2 hxg3 44. fxg3 Rg6 45. b5 axb5 46. axb5 Rb6 47. Kf3 Kf8 48. Ke4 Ke7 49. Kd5 Kd7 50. Kc5 Rg6 51. Rb3 Kc7 52. Kd5 Rf6 53. Ke5 Rf1 54. b6+ Kb7 55. Rb4 Rf3 56. g4 f6+ 57. Ke6 Rf1 58. Rb5 Rf4 59. Rf5 Rxg4 60. Rxf6 Rb4 61. Kd5 Rxb6 62. Rxb6+ Kxb6 1/2-1/2

[Event "DEN-chT 1718 56th"]
[Site "Denmark"]
[Date "2017.12.03"]
[Round "3.3"]
[White "Skytte, Rasmus"]
[Black "Reinecker, Kai"]
[Result "1-0"]
[WhiteElo "2394"]
[BlackElo "2254"]
[PlyCount "117"]
[EventDate "2017.11.18"]
[EventType "team-tourn"]
[EventRounds "9"]
[EventCountry "DEN"]
[SourceTitle "EXT 2019"]
[Source "ChessBase"]
[SourceDate "2018.10.10"]
[SourceVersion "1"]
[SourceVersionDate "2018.10.10"]
[SourceQuality "1"]
[WhiteTeam "Aarhus/Skolerne"]
[BlackTeam "BOV"]
[WhiteTeamCountry "DEN"]
[BlackTeamCountry "DEN"]

1. d4 Nf6 2. c4 e6 3. Nc3 Bb4 4. Nf3 0-0 5. Bg5 h6 6. Bh4 d5 7. e3 Nbd7 8. cxd5 exd5 9. Bd3 Re8 10. 0-0 c6 11. Qc2 Be7 12. Bg3 Nh5 13. Nxd5 Nxg3 14. Nxe7+ Qxe7 15. hxg3 Nf6 16. Ne5 Ng4 17. Nxg4 Bxg4 18. Rac1 Rad8 19. Rfe1 h5 20. f3 Be6 21. Qc5 Qc7 22. Qxh5 Qxg3 23. a3 g6 24. Qh2 Qg5 25. Kf2 Kg7 26. Rh1 Rh8 27. Qg3 Qa5 28. b4 Qd5 29. Rxh8 Rxh8 30. Qe5+ Qxe5 31. dxe5 Rd8 32. Rc3 Rh8 33. a4 Rh5 34. f4 Rh1 35. b5 Ra1 36. bxc6 bxc6 37. Rxc6 Rxa4 38. e4 a5 39. Ke3 Ra3 40. Kd4 Ra4+ 41. Kc5 Ra3 42. Rd6 Rc3+ 43. Kb5 Ra3 44. f5 Bb3 45. g4 g5 46. Kc5 Ra1 47. Rd7 Kf8 48. Kd6 Rd1 49. Rd8+ Kg7 50. Ke7 a4 51. e6 Bxe6 52. fxe6 fxe6 53. e5 a3 54. Bc4 Re1 55. Kxe6 Re4 56. Rd7+ Kf8 57. Bd5 Rxg4 58. Rf7+ Ke8 59. Ra7 1-0

[Event "DEN-chT 1718 56th"]
[Site "Denmark"]
[Date "2017.11.19"]
[Round "2.1"]
[White "Sahl, Bjarke"]
[Black "Reinecker, Kai"]
[Result "1-0"]
[WhiteElo "2333"]
[BlackElo "2254"]
[PlyCount "65"]
[EventDate "2017.11.18"]
[EventType "team-tourn"]
[EventRounds "9"]
[EventCountry "DEN"]
[SourceTitle "CBM 181 Extra"]
[Source "ChessBase"]
[SourceDate "2017.12.12"]
[SourceVersion "1"]
[SourceVersionDate "2017.12.12"]
[SourceQuality "1"]
[WhiteTeam "BMS"]
[BlackTeam "BOV"]
[WhiteTeamCountry "DEN"]
[BlackTeamCountry "DEN"]

1. e4 e5 2. d4 exd4 3. Nf3 Nc6 4. Bc4 Nf6 5. e5 d5 6. Bb5 Ne4 7. Nxd4 Bd7 8. Bxc6 bxc6 9. 0-0 Bc5 10. f3 Ng5 11. Kh1 0-0 12. Be3 Qe7 13. Qd2 h6 14. Nc3 Qxe5 15. Na4 Bxd4 16. Bxd4 Qf5 17. Nc5 Bc8 18. Qc3 Qg6 19. Rae1 Bf5 20. Re7 Rfe8 21. Rfe1 Rxe7 22. Rxe7 h5 23. Qe1 Bxc2 24. h4 Nh7 25. Nd7 Nf6 26. Ne5 Qf5 27. Nxf7 c5 28. Bxf6 Qxf6 29. Re8+ Rxe8 30. Qxe8+ Kh7 31. Ng5+ Kh6 32. Qh8+ Bh7 33. Qxh7# 1-0

[Event "DEN-chT 1718 56th"]
[Site "Denmark"]
[Date "2017.11.18"]
[Round "1.2"]
[White "Reinecker, Kai"]
[Black "Kristensen, Kaare Hove"]
[Result "1-0"]
[WhiteElo "2254"]
[BlackElo "2318"]
[PlyCount "119"]
[EventDate "2017.11.18"]
[EventType "team-tourn"]
[EventRounds "9"]
[EventCountry "DEN"]
[SourceTitle "CBM 181 Extra"]
[Source "ChessBase"]
[SourceDate "2017.12.12"]
[SourceVersion "1"]
[SourceVersionDate "2017.12.12"]
[SourceQuality "1"]
[WhiteTeam "BOV"]
[BlackTeam "Nordkalotten"]
[WhiteTeamCountry "DEN"]
[BlackTeamCountry "DEN"]

1. e4 c5 2. c3 d5 3. exd5 Qxd5 4. d4 Nf6 5. Nf3 Bg4 6. Be2 e6 7. h3 Bh5 8. 0-0 Nc6 9. Na3 Be7 10. Nb5 Rc8 11. c4 Qd8 12. dxc5 Bxc5 13. Be3 Bxe3 14. Nd6+ Kf8 15. Nxc8 Bxf2+ 16. Rxf2 Qxc8 17. Qd6+ Ke8 18. Bd3 Qd8 19. Qxd8+ Kxd8 20. Rd1 Ke7 21. g4 Bg6 22. Bxg6 hxg6 23. Rfd2 Rxh3 24. Kg2 Rxf3 25. Kxf3 Ne5+ 26. Kf4 Nxc4 27. Rc2 Nd5+ 28. Rxd5 exd5 29. b3 g5+ 30. Kxg5 Nd6 31. Kf4 Ke6 32. Rc7 g6 33. a4 f6 34. a5 a6 35. Rg7 g5+ 36. Ke3 f5 37. Rg6+ Ke5 38. Rxg5 d4+ 39. Kd3 Kf6 40. Rg8 Kf7 41. Rh8 fxg4 42. Kxd4 g3 43. Rh1 Ke6 44. Kc5 Ke5 45. Rg1 Ne4+ 46. Kb6 Kf4 47. b4 Nf2 48. Kxb7 Nd3 49. Kxa6 Nxb4+ 50. Kb5 Nd5 51. Kc5 Nc7 52. Kb6 Nd5+ 53. Kb7 Nb4 54. Rb1 Nd3 55. Kc6 Ne5+ 56. Kc7 g2 57. a6 Nc4 58. a7 Na3 59. a8Q Nxb1 60. Qxg2 1-0

[Event "BL2-Nord 1617"]
[Site "Germany"]
[Date "2016.11.20"]
[Round "2.4"]
[White "Bromann, Thorbjorn"]
[Black "Reinecker, Kai"]
[Result "1-0"]
[WhiteElo "2405"]
[BlackElo "2246"]
[PlyCount "49"]
[EventDate "2016.10.16"]
[EventType "team-tourn"]
[EventRounds "9"]
[EventCountry "GER"]
[SourceTitle "EXT 2018"]
[Source "ChessBase"]
[SourceDate "2017.10.13"]
[SourceVersion "1"]
[SourceVersionDate "2017.10.13"]
[SourceQuality "1"]
[WhiteTeam "Kiel Turm"]
[BlackTeam "Preetz"]
[WhiteTeamCountry "GER"]
[BlackTeamCountry "GER"]

1. d4 Nf6 2. Nc3 d5 3. Bf4 e6 4. Nb5 Bd6 5. Nxd6+ cxd6 6. c3 0-0 7. Nf3 Nc6 8. e3 Re8 9. h3 e5 10. Bg5 h6 11. Bh4 g5 12. Bg3 Ne4 13. Bh2 Qa5 14. Be2 Bf5 15. 0-0 Rad8 16. Qb3 Re7 17. Rfd1 Kg7 18. Bb5 f6 19. Qxd5 Nxc3 20. bxc3 Be6 21. Qe4 Qxb5 22. d5 f5 23. Qb1 Qxb1 24. Raxb1 e4 25. dxc6 1-0

[Event "Schleswig Holstein-ch M"]
[Site "Eckernfoerde"]
[Date "2016.03.22"]
[Round "5"]
[White "Lorenzen, Sven"]
[Black "Reinecker, Kai"]
[Result "0-1"]
[WhiteElo "1977"]
[BlackElo "2261"]
[PlyCount "62"]
[EventDate "2016.03.19"]
[EventType "swiss"]
[EventRounds "9"]
[EventCountry "GER"]
[SourceTitle "EXT 2018"]
[Source "ChessBase"]
[SourceDate "2017.10.13"]
[SourceVersion "1"]
[SourceVersionDate "2017.10.13"]
[SourceQuality "1"]

1. e4 e5 2. Nf3 Nf6 3. Nxe5 d6 4. Nf3 Nxe4 5. Qe2 Qe7 6. d3 Nf6 7. Bg5 Nbd7 8. Nc3 Qxe2+ 9. Bxe2 h6 10. Bh4 g5 11. Bg3 Nb6 12. 0-0-0 Bd7 13. Nd2 0-0-0 14. Nde4 Ne8 15. f4 f5 16. Nd2 Bg7 17. h4 gxf4 18. Bf2 Nf6 19. Bf3 Ng4 20. Bxb6 axb6 21. Nd5 Nf2 22. Nxf4 Nxh1 23. Rxh1 Bd4 24. c3 Be5 25. Ng6 Rhe8 26. d4 Bg3 27. Nf1 Re1+ 28. Kd2 Bf2 29. b3 Rde8 30. Nf4 Ra1 31. Kd3 Ree1 0-1

[Event "Schleswig Holstein-ch M"]
[Site "Eckernfoerde"]
[Date "2016.03.21"]
[Round "4"]
[White "Reinecker, Kai"]
[Black "Hamann, Frank"]
[Result "1-0"]
[WhiteElo "2261"]
[BlackElo "2106"]
[PlyCount "51"]
[EventDate "2016.03.19"]
[EventType "swiss"]
[EventRounds "9"]
[EventCountry "GER"]
[SourceTitle "EXT 2018"]
[Source "ChessBase"]
[SourceDate "2017.10.13"]
[SourceVersion "1"]
[SourceVersionDate "2017.10.13"]
[SourceQuality "1"]

1. e4 d5 2. exd5 Nf6 3. d4 Bg4 4. Nf3 Qxd5 5. Be2 e6 6. 0-0 Nc6 7. Be3 0-0-0 8. Nbd2 Rg8 9. a3 Qf5 10. c4 g5 11. Qa4 Bd6 12. Rfe1 Bf4 13. b4 Bh5 14. b5 Nb8 15. Qxa7 g4 16. Nh4 Qg5 17. Bxf4 Qxf4 18. Nb3 g3 19. hxg3 Rxg3 20. Nc5 Rdg8 21. Bxh5 Nxh5 22. fxg3 Qxd4+ 23. Kh2 Rxg3 24. Qxb7+ Kd8 25. Qxb8+ Ke7 26. Nf5+ 1-0

[Event "DEN-chT 1516 54th"]
[Site "Denmark"]
[Date "2016.03.06"]
[Round "9.3"]
[White "Hoi, Carsten"]
[Black "Reinecker, Kai"]
[Result "1/2-1/2"]
[WhiteElo "2377"]
[BlackElo "2246"]
[PlyCount "51"]
[EventDate "2015.10.31"]
[EventType "team-tourn"]
[EventRounds "9"]
[EventCountry "DEN"]
[SourceTitle "EXT 2017"]
[Source "ChessBase"]
[SourceDate "2016.10.25"]
[SourceVersion "1"]
[SourceVersionDate "2016.10.25"]
[SourceQuality "1"]
[WhiteTeam "Bronshoj"]
[BlackTeam "Bov"]
[WhiteTeamCountry "DEN"]
[BlackTeamCountry "DEN"]

1. d4 Nf6 2. Nf3 d5 3. e3 e6 4. c4 Be7 5. Nc3 0-0 6. Bd3 c5 7. 0-0 dxc4 8. Bxc4 a6 9. Qe2 b5 10. Bb3 Bb7 11. Rd1 Qc7 12. e4 cxd4 13. Nxd4 b4 14. Na4 Bxe4 15. Bg5 Qb7 16. Bxf6 gxf6 17. Rac1 Rd8 18. Nxe6 Rxd1+ 19. Rxd1 Bg6 20. Nec5 Qc7 21. Nd7 Nxd7 22. Qxe7 Ra7 23. h3 a5 24. h4 Kg7 25. g3 Ne5 26. Qxc7 1/2-1/2

[Event "Oberliga Nord N 1415"]
[Site "Germany"]
[Date "2014.12.07"]
[Round "4.6"]
[White "Ahmels, Volker"]
[Black "Reinecker, Kai"]
[Result "1/2-1/2"]
[WhiteElo "2210"]
[BlackElo "2250"]
[PlyCount "32"]
[EventDate "2014.09.21"]
[EventType "team-tourn"]
[EventRounds "9"]
[EventCountry "GER"]
[SourceTitle "EXT 2016"]
[Source "ChessBase"]
[SourceDate "2015.10.08"]
[SourceVersion "1"]
[SourceVersionDate "2015.10.08"]
[SourceQuality "1"]
[WhiteTeam "Eppendorf Johanneum"]
[BlackTeam "Preetz"]
[WhiteTeamCountry "GER"]
[BlackTeamCountry "GER"]

1. e4 e5 2. Bc4 Nf6 3. d3 Nc6 4. Nf3 Bc5 5. c3 a6 6. b4 Ba7 7. Bg5 h6 8. Bh4 d6 9. Nbd2 Qe7 10. 0-0 g5 11. Bg3 Be6 12. a4 Bxc4 13. Nxc4 Qe6 14. b5 Ne7 15. Qb3 0-0 16. Rab1 b6 1/2-1/2

[Event "Oberliga Nord N 1213"]
[Site "Germany"]
[Date "2012.12.09"]
[Round "4.5"]
[White "Reinecker, Kai"]
[Black "Dietz, Juergen"]
[Result "0-1"]
[WhiteElo "2252"]
[BlackElo "2202"]
[PlyCount "106"]
[EventDate "2012.10.14"]
[EventType "team-tourn"]
[EventRounds "9"]
[EventCountry "GER"]
[SourceTitle "EXT 2015"]
[Source "ChessBase"]
[SourceDate "2014.11.20"]
[SourceVersion "1"]
[SourceVersionDate "2014.11.20"]
[SourceQuality "1"]
[WhiteTeam "Preetz"]
[BlackTeam "Hamburg Schachfreunde"]
[WhiteTeamCountry "GER"]
[BlackTeamCountry "GER"]

1. e4 e6 2. d4 d5 3. Nc3 Bb4 4. exd5 exd5 5. Bd3 Nc6 6. a3 Bxc3+ 7. bxc3 Nf6 8. Ne2 0-0 9. 0-0 Re8 10. Bg5 h6 11. Bh4 Na5 12. Qc1 Qd6 13. Bg3 Qc6 14. Qf4 Nc4 15. Qxc7 Qxc7 16. Bxc7 Bf5 17. Rfe1 Rac8 18. Bxf5 Rxc7 19. f3 g5 20. Kf2 Nd6 21. Bd3 Nd7 22. a4 Nb6 23. a5 Nbc4 24. a6 b6 25. Ng3 Rxe1 26. Rxe1 Nb2 27. Re5 Nxd3+ 28. cxd3 Rxc3 29. Rxd5 Rc6 30. Ne4 Nxe4+ 31. dxe4 Rc2+ 32. Kg3 Ra2 33. Rd8+ Kg7 34. e5 Rxa6 35. d5 Ra5 36. f4 Kg6 37. d6 Kf5 38. Rf8 gxf4+ 39. Kh4 Rd5 40. Rxf7+ Kxe5 41. Rxa7 Rxd6 42. Kg4 Rf6 43. Rd7 Ke4 44. Kh5 Ke3 45. h4 b5 46. Kg4 Rg6+ 47. Kh3 Rb6 48. Kg4 b4 49. Re7+ Kf2 50. Kxf4 b3 51. Rd7 Rb4+ 52. Kf5 b2 53. Rd2+ Kg3 0-1